[Event "Tenerife-ch Juniors"]
[Site "Laguna-Cotelec"]
[Date "2014.03.05"]
[Round "3.2"]
[White "Perez Perez, Gabriel"]
[Black "Pozo Vinuesa, Ana"]
[Result "1-0"]
[WhiteElo "1446"]
[BlackElo "1469"]
[PlyCount "67"]
[EventDate "2014.02.21"]
[EventType "swiss"]
[EventRounds "9"]
[EventCountry "ESP"]
[SourceTitle "EXT 2024"]
[Source "ChessBase"]
[SourceDate "2023.10.10"]
[SourceVersion "1"]
[SourceVersionDate "2023.10.10"]
[SourceQuality "1"]

1. e4 c5 2. Nf3 Nc6 3. d4 cxd4 4. Nxd4 g6 5. c4 Bg7 6. Be3 Nf6 7. Nc3 0-0 8. Be2 d6 9. 0-0 Bd7 10. a3 a6 11. Rc1 Rc8 12. f3 Qb6 13. Nc2 Qxb2 14. Na4 Qb3 15. Nb6 Rc7 16. Qd2 Nh5 17. Nd5 Rcc8 18. g4 Ne5 19. Nd4 Qxa3 20. Nxe7+ Kh8 21. Nxc8 Rxc8 22. gxh5 gxh5 23. Ra1 Qc5 24. Nf5 Nxc4 25. Bxc4 Qxc4 26. Nxg7 Kxg7 27. Qxd6 Qe6 28. Qxe6 Bxe6 29. Rfc1 Rd8 30. Rc7 Rd3 31. Kf2 Rb3 32. Rd1 Bh3 33. Rd6 Be6 34. Rxe6 1-0

[Event "La Laguna op"]
[Site "La Laguna"]
[Date "2013.10.28"]
[Round "5"]
[White "Abreu Suarez, Isauro"]
[Black "Pozo Vinuesa, Ana"]
[Result "1-0"]
[WhiteElo "1997"]
[BlackElo "1432"]
[PlyCount "53"]
[EventDate "2013.10.21"]
[EventType "swiss"]
[EventRounds "7"]
[EventCountry "ESP"]
[SourceTitle "EXT 2014"]
[Source "ChessBase"]
[SourceDate "2013.11.20"]
[SourceVersion "1"]
[SourceVersionDate "2013.11.20"]
[SourceQuality "1"]

1. b4 e5 2. Bb2 d6 3. c4 b6 4. e3 Bb7 5. Nf3 Nf6 6. Be2 Be7 7. 0-0 0-0 8. d4 exd4 9. exd4 c5 10. bxc5 dxc5 11. d5 b5 12. cxb5 Qxd5 13. Nc3 Qd8 14. Qc2 Nbd7 15. Rfd1 Qc7 16. a4 Ng4 17. Nd5 Bxd5 18. Rxd5 Bd6 19. Rad1 Bxh2+ 20. Kf1 Rad8 21. Qd2 Ngf6 22. Bxf6 gxf6 23. Rxd7 Rxd7 24. Qxd7 Qxd7 25. Rxd7 Be5 26. Nxe5 fxe5 27. Bc4 1-0

[Event "Santa Cruz de Tenerife Amistad op"]
[Site "Santa Cruz de Tenerife"]
[Date "2013.09.20"]
[Round "6"]
[White "Gutierrez Garcia, Ramon"]
[Black "Pozo Vinuesa, Ana"]
[Result "1/2-1/2"]
[WhiteElo "1506"]
[BlackElo "1432"]
[PlyCount "63"]
[EventDate "2013.09.09"]
[EventType "swiss"]
[EventRounds "7"]
[EventCountry "ESP"]
[SourceTitle "CBM 156 Extra"]
[Source "ChessBase"]
[SourceDate "2013.10.22"]
[SourceVersion "1"]
[SourceVersionDate "2013.10.22"]
[SourceQuality "1"]

1. d4 f5 2. Nf3 Nf6 3. Bg5 d5 4. e3 g6 5. Bxf6 exf6 6. c4 Be6 7. c5 Nc6 8. Bb5 Bd7 9. a3 Qe7 10. Nc3 Qe6 11. Qd2 Bh6 12. 0-0-0 g5 13. h3 Na5 14. Bxd7+ Qxd7 15. Qc2 0-0-0 16. Qa4 Qxa4 17. Nxa4 f4 18. exf4 gxf4 19. Nh4 Nc4 20. Nf5 Bf8 21. Rhe1 Rg8 22. g4 fxg3 23. fxg3 Rg5 24. g4 h5 25. Rg1 Re8 26. Rde1 Kd7 27. Rxe8 Kxe8 28. Nc3 c6 29. a4 b6 30. b4 Kd7 31. Kc2 a5 32. Kb3 1/2-1/2

[Event "Santa Cruz de Tenerife Amistad op"]
[Site "Santa Cruz de Tenerife"]
[Date "2013.09.09"]
[Round "1"]
[White "Pozo Vinuesa, Ana"]
[Black "Henriquez Garcia, David"]
[Result "0-1"]
[WhiteElo "1432"]
[BlackElo "2007"]
[PlyCount "106"]
[EventDate "2013.09.09"]
[EventType "swiss"]
[EventRounds "7"]
[EventCountry "ESP"]
[SourceTitle "CBM 156 Extra"]
[Source "ChessBase"]
[SourceDate "2013.10.22"]
[SourceVersion "1"]
[SourceVersionDate "2013.10.22"]
[SourceQuality "1"]

1. e4 c5 2. Nf3 Nc6 3. d4 cxd4 4. Nxd4 e5 5. Nb5 a6 6. N5a3 Nf6 7. Nc3 Bb4 8. Bg5 Bxc3+ 9. bxc3 Qa5 10. Nb1 Nxe4 11. Bd2 Nxd2 12. Qxd2 d5 13. c4 Qxd2+ 14. Nxd2 Be6 15. c3 0-0-0 16. Be2 d4 17. cxd4 Nxd4 18. Rc1 Nxe2 19. Kxe2 Rd7 20. Rhe1 Rhd8 21. Nb3 Rc7 22. Nd2 Rd4 23. c5 Bxa2 24. Rc2 Be6 25. Kf1 Bf5 26. Ra2 Bd3+ 27. Kg1 Rxc5 28. Nb3 Rc3 29. Nxd4 exd4 30. Rd2 Bf5 31. Rxd4 Be6 32. f3 Kc7 33. Rb1 b5 34. Rdb4 Bc4 35. R4b2 Kc6 36. Kf2 a5 37. Ra1 a4 38. Ke1 a3 39. Rd2 b4 40. Rd8 Rc2 41. Rd2 Rc3 42. Kd1 Bb3+ 43. Ke1 Kc5 44. Re2 Bd5 45. Kd2 a2 46. Kd1 b3 47. Rb2 Kd4 48. Kd2 Rd3+ 49. Kc1 Kc3 50. Re2 Bc4 51. Rf2 Re3 52. Kd1 b2 53. Rc2+ Kb3 0-1

[Event "Canarias-ch U16 31st"]
[Site "Puerto de la Cruz"]
[Date "2013.04.27"]
[Round "3"]
[White "Manchon Santana, Alberto"]
[Black "Pozo Vinuesa, Ana"]
[Result "1-0"]
[WhiteElo "1537"]
[BlackElo "1437"]
[PlyCount "119"]
[EventDate "2013.04.26"]
[EventType "swiss"]
[EventRounds "7"]
[EventCountry "ESP"]
[SourceTitle "EXT 2015"]
[Source "ChessBase"]
[SourceDate "2014.11.20"]
[SourceVersion "1"]
[SourceVersionDate "2014.11.20"]
[SourceQuality "1"]

1. d4 f5 2. c4 Nf6 3. Nc3 g6 4. g3 Bg7 5. Bg2 0-0 6. Nh3 d6 7. 0-0 c6 8. d5 h6 9. Nf4 Qe8 10. e4 e5 11. dxe6 Bxe6 12. exf5 Bxf5 13. Qxd6 Qf7 14. c5 Nbd7 15. Re1 Ne8 16. Qe7 Qxe7 17. Rxe7 Nxc5 18. Be3 Nd7 19. Rd1 Bf6 20. Rexd7 Bxd7 21. Rxd7 Rf7 22. Bh3 Rxd7 23. Bxd7 Rd8 24. Be6+ Kg7 25. Bxa7 Rd2 26. Ne4 Rd1+ 27. Kg2 Bxb2 28. Be3 Nf6 29. Nc5 b5 30. Bb3 Ra1 31. Nce6+ Kh7 32. Nf8+ Kg7 33. N8xg6 Nd5 34. Nxd5 cxd5 35. Ne7 d4 36. Nf5+ Kg6 37. Bxd4 Kxf5 38. Bxb2 Re1 39. Kf3 Re8 40. g4+ Kg5 41. Bc1+ Kg6 42. h4 Rc8 43. h5+ Kh7 44. Be3 Kg7 45. Bd4+ Kh7 46. Ke4 Re8+ 47. Kd3 Rf8 48. Be3 Rd8+ 49. Ke2 Rc8 50. f4 Rc7 51. g5 hxg5 52. fxg5 Re7 53. g6+ Kg7 54. Bc2 Re8 55. h6+ Kg8 56. h7+ Kg7 57. Kf3 Rf8+ 58. Kg3 Rd8 59. Bc1 Rh8 60. Bb2+ 1-0

[Event "Tenerife-ch (Women)"]
[Site "Santa Cruz de Tenerife"]
[Date "2013.04.19"]
[Round "7"]
[White "Pozo Vinuesa, Ana"]
[Black "Rodriguez Redondo, Adhara"]
[Result "0-1"]
[WhiteElo "1437"]
[BlackElo "1321"]
[PlyCount "66"]
[EventDate "2013.04.01"]
[EventType "swiss"]
[EventRounds "7"]
[EventCountry "ESP"]
[SourceTitle "EXT 2015"]
[Source "ChessBase"]
[SourceDate "2014.11.20"]
[SourceVersion "1"]
[SourceVersionDate "2014.11.20"]
[SourceQuality "1"]

1. e4 e5 2. Nf3 Nc6 3. Bb5 Nf6 4. Nc3 Bc5 5. d3 d6 6. Bg5 h6 7. Bh4 g5 8. Bg3 h5 9. h3 h4 10. Bh2 Nh5 11. d4 exd4 12. Nxd4 Bd7 13. Nxc6 bxc6 14. Bc4 Qe7 15. Qe2 Rb8 16. 0-0-0 Ng7 17. e5 d5 18. Bxd5 cxd5 19. Nxd5 Bb5 20. c4 Bxc4 21. Qxc4 Rb4 22. Qe2 Rxb2 23. Kxb2 Ba3+ 24. Kb3 Qc5 25. Nf6+ Ke7 26. Rd7+ Kf8 27. Rd8+ Ke7 28. Rd7+ Kf8 29. Qg4 Ne6 30. Rhd1 Kg7 31. Qxe6 Rb8+ 32. Qb6 Rxb6+ 33. Ka4 Qb4# 0-1

[Event "Tenerife-ch (Women)"]
[Site "Santa Cruz de Tenerife"]
[Date "2013.04.01"]
[Round "1"]
[White "Pozo Vinuesa, Ana"]
[Black "Perez Celis, Alba"]
[Result "0-1"]
[WhiteElo "1437"]
[BlackElo "1804"]
[PlyCount "70"]
[EventDate "2013.04.01"]
[EventType "swiss"]
[EventRounds "7"]
[EventCountry "ESP"]
[SourceTitle "EXT 2015"]
[Source "ChessBase"]
[SourceDate "2014.11.20"]
[SourceVersion "1"]
[SourceVersionDate "2014.11.20"]
[SourceQuality "1"]

1. e4 d6 2. d4 g6 3. Nf3 Bg7 4. Nc3 Nf6 5. Bc4 0-0 6. Bg5 c6 7. Qd2 b5 8. Bd3 Bg4 9. Bh6 Bxf3 10. gxf3 b4 11. Ne2 c5 12. Bxg7 Kxg7 13. e5 Ne8 14. dxc5 Nc6 15. exd6 exd6 16. Be4 Rc8 17. Bxc6 Rxc6 18. Rg1 Rxc5 19. Qxb4 Rxc2 20. Nd4 Rc5 21. Qb7 Re5+ 22. Kf1 Qh4 23. Qxa7 Kg8 24. Rg2 Nf6 25. Re1 Rxe1+ 26. Kxe1 Re8+ 27. Kd1 Qh3 28. Rg3 Qxh2 29. Nf5 Qh1+ 30. Kc2 Rc8+ 31. Kb3 Qd1+ 32. Kb4 Nd5+ 33. Ka5 Qd2+ 34. Ka6 Qd3+ 35. Ka5 Rc5+ 0-1

[Event "Tenerife-ch U16"]
[Site "Santa Cruz de Tenerife"]
[Date "2013.02.17"]
[Round "9"]
[White "Pozo Vinuesa, Ana"]
[Black "Gonzalez Garcia, Zoilo"]
[Result "0-1"]
[WhiteElo "1414"]
[BlackElo "1701"]
[PlyCount "121"]
[EventDate "2013.02.09"]
[EventType "swiss"]
[EventRounds "9"]
[EventCountry "ESP"]
[SourceTitle "EXT 2015"]
[Source "ChessBase"]
[SourceDate "2014.11.20"]
[SourceVersion "1"]
[SourceVersionDate "2014.11.20"]
[SourceQuality "1"]

1. e4 c6 2. d4 d5 3. exd5 cxd5 4. c4 Nf6 5. Nc3 e6 6. Bg5 Bb4 7. Nf3 Qa5 8. Bd2 Ne4 9. Nxe4 dxe4 10. Ng5 e3 11. Bxb4 Qxb4+ 12. Ke2 Qxb2+ 13. Kxe3 Qc3+ 14. Bd3 e5 15. Nf3 exd4+ 16. Nxd4 0-0 17. Ke2 Rd8 18. Nf3 Bf5 19. Ne1 Nc6 20. Rc1 Re8+ 21. Kf1 Rxe1+ 22. Qxe1 Bxd3+ 23. Kg1 Qxe1+ 24. Rxe1 Bxc4 25. a3 Rd8 26. h3 Be6 27. Kh2 Rd2 28. Rb1 Rd7 29. Rhd1 Rxd1 30. Rxd1 g6 31. Kg3 b5 32. Rd6 Na5 33. Ra6 Nc4 34. Rxa7 Kg7 35. a4 bxa4 36. Rxa4 Kf6 37. Rb4 h5 38. h4 Ke5 39. Rb5+ Kd4 40. Rb3 Nd6 41. Rb4+ Kc5 42. Ra4 Kb5 43. Ra7 Nf5+ 44. Kh3 Kc4 45. Ra4+ Kd3 46. g4 hxg4+ 47. Kxg4 Ke2 48. f4 Kf2 49. Kg5 Ng3 50. Kf6 Kf3 51. Ke5 Nf5 52. Kf6 Kg4 53. Rb4 Kxh4 54. Ra4 Kg3 55. Kg5 Ne3 56. Rd4 Kf3 57. Ra4 Bc4 58. f5 gxf5 59. Rxc4 Nxc4 60. Kxf5 Nd6+ 61. Ke5 0-1

[Event "Tenerife-ch U16"]
[Site "Santa Cruz de Tenerife"]
[Date "2013.02.14"]
[Round "6"]
[White "Pozo Vinuesa, Ana"]
[Black "Perez Barreto, Adrian"]
[Result "0-1"]
[WhiteElo "1414"]
[BlackElo "1974"]
[PlyCount "56"]
[EventDate "2013.02.09"]
[EventType "swiss"]
[EventRounds "9"]
[EventCountry "ESP"]
[SourceTitle "EXT 2015"]
[Source "ChessBase"]
[SourceDate "2014.11.20"]
[SourceVersion "1"]
[SourceVersionDate "2014.11.20"]
[SourceQuality "1"]

1. e4 e6 2. d4 d5 3. exd5 exd5 4. c4 dxc4 5. Bxc4 Bd6 6. Nf3 Nf6 7. 0-0 0-0 8. Nc3 Bg4 9. Bg5 h6 10. Bxf6 Qxf6 11. Ne4 Qd8 12. d5 Be7 13. Qb3 Nd7 14. Ned2 Nc5 15. Qe3 Bd6 16. Qd4 Bf5 17. Ne5 Qf6 18. Ndf3 Rfe8 19. Rfe1 Re7 20. Re2 Ne4 21. Nd3 Qg6 22. Nh4 Bxh2+ 23. Kh1 Qh5 24. g3 Bxg3 25. fxg3 Nxg3+ 26. Kg2 Nxe2 27. Qf2 Qg4+ 28. Kh2 Qh3# 0-1

[Event "Cotelec Laguna op"]
[Site "Cotelec"]
[Date "2012.11.16"]
[Round "5"]
[White "Pozo Vinuesa, Ana"]
[Black "Rodriguez Sierra, Enrique"]
[Result "1-0"]
[WhiteElo "1414"]
[BlackElo "1501"]
[PlyCount "121"]
[EventDate "2012.10.19"]
[EventType "swiss"]
[EventRounds "7"]
[EventCountry "ESP"]
[SourceTitle "EXT 2014"]
[Source "ChessBase"]
[SourceDate "2013.11.20"]
[SourceVersion "1"]
[SourceVersionDate "2013.11.20"]
[SourceQuality "1"]

1. e4 c6 2. d4 d5 3. exd5 cxd5 4. c4 Nf6 5. Nc3 Nc6 6. Nf3 Bg4 7. Be3 e6 8. Be2 Be7 9. Ne5 Bxe2 10. Qxe2 Rc8 11. cxd5 Nxd5 12. Rc1 Nxe3 13. fxe3 Nxe5 14. dxe5 0-0 15. 0-0 a6 16. Qf3 Rc7 17. Rcd1 Rd7 18. Ne4 Rxd1 19. Rxd1 Qc7 20. Qf4 f6 21. exf6 Qxf4 22. exf4 Bxf6 23. Nxf6+ Rxf6 24. g3 Rf5 25. Rd8+ Rf8 26. Rd7 Rf7 27. Rd8+ Rf8 28. Rd6 Rc8 29. Rd2 Rc7 30. Kf2 Kf7 31. Ke3 g6 32. Ke4 Ke7 33. Ke5 Rc5+ 34. Ke4 Rc1 35. g4 h5 36. gxh5 gxh5 37. Rg2 Kd6 38. Kd3 Rf1 39. Ke3 Re1+ 40. Kf3 Rf1+ 41. Ke3 Re1+ 42. Re2 Rxe2+ 43. Kxe2 Kd5 44. Ke3 b5 45. b4 e5 46. f5 e4 47. f6 Ke6 48. f7 Kxf7 49. Kxe4 Ke6 50. a3 Kf6 51. Kd5 Kf5 52. Kc6 Kg4 53. Kb6 Kh3 54. Kxa6 Kxh2 55. Kxb5 Kg1 56. Ka6 h4 57. b5 h3 58. b6 h2 59. b7 h1Q 60. b8Q Qc6+ 61. Qb6+ 1-0

[Event "Mondariz op 9th"]
[Site "Mondariz Balneario"]
[Date "2011.08.28"]
[Round "7.22"]
[White "Merayo Lopez, Abraham"]
[Black "Pozo Vinuesa, Ana"]
[Result "1-0"]
[WhiteElo "1824"]
[BlackElo "1401"]
[PlyCount "29"]
[EventDate "2011.08.22"]
[EventType "swiss"]
[EventRounds "7"]
[EventCountry "ESP"]
[SourceTitle "EXT 2024"]
[Source "ChessBase"]
[SourceDate "2023.10.10"]
[SourceVersion "1"]
[SourceVersionDate "2023.10.10"]
[SourceQuality "1"]

1. e4 c5 2. Nf3 Nc6 3. Nc3 g6 4. Bc4 Bg7 5. d3 Nf6 6. e5 Ng4 7. Bxf7+ Kxf7 8. Ng5+ Ke8 9. Qxg4 Nxe5 10. Qe2 d6 11. h3 h6 12. f4 Nxd3+ 13. Qxd3 hxg5 14. Qxg6+ Kf8 15. fxg5 1-0

[Event "Mondariz op 9th"]
[Site "Mondariz Balneario"]
[Date "2011.08.27"]
[Round "6.27"]
[White "Pozo Vinuesa, Ana"]
[Black "Silva, Mariana Sofia Teixe"]
[Result "1/2-1/2"]
[WhiteElo "1401"]
[BlackElo "1377"]
[PlyCount "170"]
[EventDate "2011.08.22"]
[EventType "swiss"]
[EventRounds "7"]
[EventCountry "ESP"]
[SourceTitle "EXT 2024"]
[Source "ChessBase"]
[SourceDate "2023.10.10"]
[SourceVersion "1"]
[SourceVersionDate "2023.10.10"]
[SourceQuality "1"]

1. e4 c6 2. d4 d5 3. exd5 cxd5 4. Nc3 e6 5. Nf3 Nd7 6. Bg5 Qc7 7. Qe2 Bb4 8. Bd2 Bxc3 9. Bxc3 Ne7 10. g3 0-0 11. Bg2 Nb6 12. 0-0 Na4 13. Qd3 Nxc3 14. Qxc3 Qxc3 15. bxc3 Nf5 16. Ne5 Nd6 17. Rfe1 b6 18. c4 Bb7 19. c5 Nf5 20. c3 bxc5 21. Nd7 Rfd8 22. Nxc5 Rab8 23. Rab1 Bc6 24. Na6 Rb6 25. Rxb6 axb6 26. Rb1 Bb7 27. Rxb6 Bxa6 28. Rxa6 Rc8 29. Rb6 g6 30. Rb3 Nd6 31. f3 Nc4 32. a4 Na5 33. Rb5 Nc6 34. Rc5 Na7 35. Bf1 Rc6 36. Rxc6 Nxc6 37. Bb5 Na5 38. Kf2 Kf8 39. Ke2 Ke7 40. Kd3 Kd6 41. c4 dxc4+ 42. Bxc4 Nc6 43. Bb5 Na5 44. Be8 Ke7 45. Bb5 Kd6 46. Kc3 Kc7 47. Kb4 Kb6 48. Be8 f6 49. Bf7 e5 50. dxe5 fxe5 51. Be8 g5 52. Kc3 Kc5 53. Kd3 Kd5 54. Bf7+ Kd6 55. Ke4 Ke7 56. Bg8 Kf6 57. Bxh7 Kg7 58. Bf5 Kf6 59. h4 gxh4 60. gxh4 Nb7 61. Bg4 Nc5+ 62. Ke3 Nxa4 63. h5 Nc5 64. Kf2 Kg7 65. Kg3 e4 66. f4 Nd3 67. f5 Ne5 68. Kf4 Nd7 69. Kxe4 Kh8 70. Kf4 Kh7 71. Kg5 Kh8 72. Bd1 Nc5 73. Bc2 Nd7 74. h6 Kg8 75. Kh5 Kh8 76. Bb3 Kh7 77. Be6 Nc5 78. Kg5 Ne4+ 79. Kf4 Nf6 80. Ke5 Ng4+ 81. Kd6 Nxh6 82. f6 Kg6 83. Ke7 Kh7 84. Ke8 Kg6 85. Kf8 Kh7 1/2-1/2